| 000 | 00540nam a2200169 a 4500 | ||
|---|---|---|---|
| 005 | 20140412111237.0 | ||
| 008 | 010319s19uu xx 00 eng d | ||
| 020 | _a0-307-12192-5 | ||
| 050 |
_aER _bTw91 1990 |
||
| 100 | _aMayer, Mercer | ||
| 245 |
_aTwo-minute little critter stories / _cby Mercer Mayer. |
||
| 260 |
_aNew York : _bA Golden Book, _c1990. |
||
| 300 | _a1 v. (unp.) ; ill. | ||
| 500 | _aEight Favorite Stories, including: Just a Mess, I Just Forgot, and Just Go to Bed. | ||
| 650 | _aChildren's stories | ||
| 999 |
_c102526 _d102526 |
||